| 000 | 00563nam a2200205Ia 4500 | ||
|---|---|---|---|
| 005 | 20250508164604.0 | ||
| 008 | 008 250505s9999 xx 000 0 eng d | ||
| 020 | _a81-85604-91-6 | ||
| 037 | _aTextual | ||
| 040 |
_aFEDL _beng _cFEDL |
||
| 041 |
_aeng _2eng |
||
| 084 |
_a372.21, DAV _qFEDL |
||
| 100 |
_aDavid Tricia Ed. _9476569 |
||
| 245 | 0 | _aTeasing young children | |
| 260 |
_aLondon, UK _bPaul Chapman Publishing Limited _c1999 |
||
| 300 | _axii,207p. | ||
| 546 | _aMACESE | ||
| 942 |
_cTEXL _h372.21, DAV |
||
| 999 |
_c1389984 _d1389984 |
||